00545cam a22002051 4500001001300000003000400013005001700017008004100034010001700075035002000092040001700112042001200129050001800141245006000159260003100219300002900250700002200279752002100301999001700322he 68002132 DLC20260227111501.0830728s1967 is j 000 0 heb  ahe 68002132  a(OCoLC)19149215 aDLCcMHdDLC apremarc00aPZ90.H3bC57300aSodot ha-yaʻar :bagadot ʻamim /cʻIvrit Adir Kohen. aTel Aviv :bYavnehc[1967] a157 p. :bill. ;c25 cm.1 aCohen, Adir.etr. aIsraeldTel Aviv c33511d33511